000 02421cam a22002054a 4500
005 20250605164124.0
008 250528s ||||||||||||||||||||||||d
035 _a18402
020 _a9608673445
040 _aGR-AtMCL
_bgre
_dGR-AtMCL
_eAACR2
245 1 _aΔιοίκηση Υπηρεσιών Υγείας / Σχεδιασμός, Εφαρμογή και Διαχείριση Συστημάτων Οργανωμένης Παροχής Υπηρεσιών Υγείας.
_nΤόμος Α'
260 _c2001
300 _a544
520 _aΈνα από τα κορυφαία κείμενα των Υγειονομικών Επιστημών στις ΗΠΑ - Διδακτικό εγχειρίδιο σε πλείστα πανεπιστημιακά προγράμματα Διοίκησης Υπηρεσιών Υγείας. Διεθνής Φροντίδα Υγείας: Σύγκριση των Συστημάτων Υγείας των ΗΠΑ - Καναδά και Δυτικής Ευρώπης, Συστήματα Πολλαπλών Προμηθευτών, Η Νομική Δομή της Παροχής Υπηρεσιών Υγείας, Επαγγελματικοί Συνδυασμοί στον Τομέα της Παροχής Υπηρεσιών Υγείας: Νομικές Επιπτώσεις, Στρατηγικός Προγραμματισμός για Οργανισμούς Παροχής Υπηρεσιών Υγείας, Στρατηγική Διαχείριση των Σχέσεων Μεταξύ των Ενδιαφερόμενων, Το Μάρκετινγκ των Υπηρεσιών Υγείας, Οικονομική Διαχείριση Συστημάτων Οργανωμένης Παροχής Υπηρεσιών Υγείας, Προγραμματισμός Υγειονομικών Υποδομών και Διαχείριση της Διαδικασίας Ανάπτυξης, Χρηματοδότηση Υποδομών Υγειονομικής Φροντίδας, Διαχείριση Ανθρώπινων Πόρων, Συστήματα Πληροφορικής στον Τομέα Υγείας: Η Οπτική Γωνία ενός Συστήματος Οργανωμένης Παροχής Υπηρεσιών, Μηχανική της Διαχείρισης.
700 1 _aMediforce Services
_94674
700 1 _aWolper Lawrence F
_94675
942 _cBK
999 _c3763
_d3763